000
00238nam a2200085Ia 4500
008
180219s9999 xx 000 0 und d
100
_a
Agarwal Nidhi
245
0
_a
Mental Measirement And Evaluation In Education
260
_a
Vinay Rakheja R. Lall Meerut
260
_c
2010
999
_c
42219
_d
42219